Není adept jako adept

Ekonomiky desiatich pristupujúcich krajín sa delia na lepšie a horšie. Ako stoja štáty strednej a východnej Európy a ako stojí Česko. Priame zahraničné investície. Približovanie východoeurópskych krajín.

Gespeichert in:
Bibliographische Detailangaben
1. Verfasser: Záruba, Igor
Format: Buchkapitel
Sprache:Tschechisch
Schlagworte:
Tags: Tag hinzufügen
Keine Tags, Fügen Sie das erste Tag hinzu!

MARC

LEADER 00000naa$a2200000$$$4500
001 0001833
005 20231004071509.9
041 0 |a cze 
044 |a CZ 
245 1 0 |a Není adept jako adept  |c aut. Igor Záruba 
520 |a Ekonomiky desiatich pristupujúcich krajín sa delia na lepšie a horšie. Ako stoja štáty strednej a východnej Európy a ako stojí Česko. Priame zahraničné investície. Približovanie východoeurópskych krajín. 
610 2 0 |a Európska únia 
610 2 0 |a situácia hospodárska 
610 2 0 |a SVE 
100 1 |a Záruba, Igor